<?xml version="1.0" encoding="UTF-8"?>
<record
    xmlns:xsi="http://www.w3.org/2001/XMLSchema-instance"
    xsi:schemaLocation="http://www.loc.gov/MARC21/slim http://www.loc.gov/standards/marcxml/schema/MARC21slim.xsd"
    xmlns="http://www.loc.gov/MARC21/slim">

  <leader>01929nam a22002177a 4500</leader>
  <controlfield tag="005">20170302020002.0</controlfield>
  <controlfield tag="008">150115b2012    ck il. | |||| 00| 0 spa d</controlfield>
  <datafield tag="040" ind1=" " ind2=" ">
    <subfield code="a">CO-BoIAVH</subfield>
    <subfield code="c">CO-BoIAVH</subfield>
  </datafield>
  <datafield tag="041" ind1=" " ind2=" ">
    <subfield code="a">spa</subfield>
  </datafield>
  <datafield tag="044" ind1=" " ind2=" ">
    <subfield code="a">ck</subfield>
  </datafield>
  <datafield tag="082" ind1=" " ind2=" ">
    <subfield code="a">305.8986</subfield>
    <subfield code="b">H117</subfield>
  </datafield>
  <datafield tag="245" ind1="0" ind2="0">
    <subfield code="a">Hacia un Conpes ind&#xED;gena amaz&#xF3;nico. Volumen II :</subfield>
    <subfield code="b">construyendo una pol&#xED;tica p&#xFA;blica integral para los pueblos ind&#xED;genas de la Amazonia colombiana / </subfield>
    <subfield code="c">coordinaci&#xF3;n editorial Carlos Gilberto Z&#xE1;rate Bot&#xED;a</subfield>
  </datafield>
  <datafield tag="260" ind1=" " ind2=" ">
    <subfield code="a">Leticia : </subfield>
    <subfield code="b">Universidad Nacional de Colombia sede Amazonia , </subfield>
    <subfield code="c">c2012.</subfield>
  </datafield>
  <datafield tag="300" ind1=" " ind2=" ">
    <subfield code="a">497 p.</subfield>
    <subfield code="b">il., mapas</subfield>
  </datafield>
  <datafield tag="505" ind1=" " ind2=" ">
    <subfield code="a">Volumen II. Primera parte: l&#xED;neas base situacionales / Marco Tob&#xF3;n Ocampo; Jos&#xE9; Soria Java -- Los pueblos ind&#xED;genas del departamento de amazonas -- Tierras y territorios ind&#xED;genas -- Bienestar y equidad &#x2013; Pr&#xE1;cticas productivas y medio ambiente -- Condiciones humanitarias de los pueblos ind&#xED;genas en el departamento -- Gobernabilidad, cohesi&#xF3;n social y participaci&#xF3;n -- Segunda parte: consultor&#xED;as especializadas -- Reflexiones en torno a los proyectos de ley de ordenamiento territorial y los pueblos ind&#xED;genas / Sonia Uruburu -- Lineamientos para la constituci&#xF3;n de entidades territoriales del nivel local / Lina Mar&#xED;a Hurtado -- Elementos para una pol&#xED;tica p&#xFA;blica sobre pueblos ind&#xED;genas aislados de la civilizaci&#xF3;n occidental en la amazonia colombiana / Roberto Franco Garc&#xED;a -- L&#xED;neas de base para la formulaci&#xF3;n de una propuesta de pol&#xED;tica p&#xFA;blica de estado integral para los pueblos ind&#xED;genas en los departamentos del Vaup&#xE9;s y Guain&#xED;a / Fran&#xE7;ois Correa</subfield>
  </datafield>
  <datafield tag="650" ind1="1" ind2="4">
    <subfield code="a">Pol&#xED;tica p&#xFA;blica</subfield>
    <subfield code="z">Amazonas (Regi&#xF3;n)</subfield>
    <subfield code="z">Colombia</subfield>
    <subfield code="9">31621</subfield>
  </datafield>
  <datafield tag="650" ind1="1" ind2="4">
    <subfield code="a">Comunidades ind&#xED;genas</subfield>
    <subfield code="x">Aspectos sociales </subfield>
    <subfield code="z">Amazonas (Regi&#xF3;n)</subfield>
    <subfield code="z">Colombia</subfield>
    <subfield code="9">31622</subfield>
  </datafield>
  <datafield tag="650" ind1="1" ind2="4">
    <subfield code="a">Ind&#xED;genas del Amazonas</subfield>
    <subfield code="x">Situaci&#xF3;n legal </subfield>
    <subfield code="z">Colombia</subfield>
    <subfield code="9">31623</subfield>
  </datafield>
  <datafield tag="700" ind1=" " ind2=" ">
    <subfield code="a">Z&#xE1;rate-Bot&#xED;a, Carlos Gilberto</subfield>
    <subfield code="e">ed.</subfield>
    <subfield code="9">31620</subfield>
  </datafield>
  <datafield tag="942" ind1=" " ind2=" ">
    <subfield code="2">ddc</subfield>
    <subfield code="c">LIBRO</subfield>
    <subfield code="0">1</subfield>
  </datafield>
  <datafield tag="999" ind1=" " ind2=" ">
    <subfield code="c">8991</subfield>
    <subfield code="d">8991</subfield>
  </datafield>
  <datafield tag="952" ind1=" " ind2=" ">
    <subfield code="0">0</subfield>
    <subfield code="1">0</subfield>
    <subfield code="2">ddc</subfield>
    <subfield code="4">0</subfield>
    <subfield code="7">0</subfield>
    <subfield code="8">GENERAL</subfield>
    <subfield code="I">INV2017</subfield>
    <subfield code="a">Bogota</subfield>
    <subfield code="b">Bogota</subfield>
    <subfield code="d">2015-01-15</subfield>
    <subfield code="e">Instituto</subfield>
    <subfield code="g">39000.00</subfield>
    <subfield code="l">1</subfield>
    <subfield code="o">LB-305.8986 H117</subfield>
    <subfield code="p">038486</subfield>
    <subfield code="r">2017-03-31 00:00:00</subfield>
    <subfield code="s">2017-03-01</subfield>
    <subfield code="t">Ej. 1</subfield>
    <subfield code="w">2015-01-15</subfield>
    <subfield code="x">Donaci&#xF3;n</subfield>
    <subfield code="y">LIBRO</subfield>
  </datafield>
</record>
